| 000 | 00647nam a2200193 i 4500 | ||
|---|---|---|---|
| 001 | 130127 | ||
| 003 | ES-MaACL | ||
| 005 | 20250928145548.0 | ||
| 007 | t| | ||
| 008 | 070719s1956 sp ||||1| spa d | ||
| 100 | 1 |
_aZweig, Stefan, _d1881-1942 _9118562 |
|
| 245 | 1 | 3 |
_aEl candelabro enterrado / _cStefan Zweig ; [versión castellana de Fernando Gutiérrez y Diego Navarro]. |
| 260 |
_aBarcelona : _bG. P., _c[1956] ( _fGuada) |
||
| 300 |
_a159 p. ; _c18 cm. |
||
| 700 | 1 |
_aGutiérrez, Fernando, _d1911-1984 _9156260 |
|
| 700 | 1 |
_aNavarro Gonçalvez, Diego _9156259 |
|
| 852 |
_aES-MaACL _jC-10659 _bR.38786 |
||
| 999 |
_c130127 _d130127 |
||